000
00333nam a2200145Ia 4500
008
250826s9999 xx 000 0 und d
020
_a
9690006894
082
_a
297.1 HAM
100
_a
Hameed Uddin, Dr.
245
0
_a
Tareekh-e-Islam
260
_a
Lahore:
_b
Feroz Sons,
_c
1987
300
_a
460p.
600
_a
Islam
942
_c
GB
999
_c
31525
_d
31525